THRIVING ON CHAOS (Record no. 63443)

000 -LEADER
fixed length control field 00433nam a22001817a 4500
003 - CONTROL NUMBER IDENTIFIER
control field MPLRDC
005 - DATE AND TIME OF LATEST TRANSACTION
control field 20220104185705.0
008 - FIXED-LENGTH DATA ELEMENTS--GENERAL INFORMATION
fixed length control field 210129b ||||| |||| 00| 0 eng d
020 ## - INTERNATIONAL STANDARD BOOK NUMBER
International Standard Book Number 0-06-097184-3
082 ## - DEWEY DECIMAL CLASSIFICATION NUMBER
Classification number 494.1 PET
100 ## - MAIN ENTRY--PERSONAL NAME
Personal name TOM PETERS
245 ## - TITLE STATEMENT
Title THRIVING ON CHAOS
Statement of responsibility, etc.
250 ## - EDITION STATEMENT
Edition statement FIRST EDITION
260 ## - PUBLICATION, DISTRIBUTION, ETC.
Place of publication, distribution, etc. 美国
Name of publisher, distributor, etc. HARPER PERENNIAL
Date of publication, distribution, etc. 1991
300 ## - PHYSICAL DESCRIPTION
Other physical details PAPERBACK
650 ## - SUBJECT ADDED ENTRY--TOPICAL TERM
Topical term or geographic name entry element 创业
942 ## - ADDED ENTRY ELEMENTS (KOHA)
Koha item type Book
-- 494.1 PET
Holdings
Withdrawn status Lost status Source of classification or shelving scheme Damaged status Not for loan Collection code Home library Current library Shelving location Date acquired Cost, normal purchase price Total Checkouts Full call number Barcode Date last seen Date last checked out Price effective from Koha item type Public note
            Malaysian Public Library, Research and Development Centre Malaysian Public Library, Research and Development Centre   03/09/2010 32.00   494.1 PET E0004754 18/03/2021 03/09/2010 18/03/2021 Book mplrdc

© 2022. Malaysian Public Library, Research and Development Centre. All Right ReservedE-mailmplrdc@help.edu.my 

Powered by Koha